000
00303nam a22001337a 4500
999
_c
527259
_d
527259
040
_c
NUST
082
_2
6th
_a
510.2462
_b
ZIL
100
_a
Zill Dennis G
_9
1266
245
_a
Advanced Engineering Mathematics
260
_b
Learning
_c
2018
300
_b
PB ,ill,119
521
_a
PB
942
_2
ddc
_c
BK